Jesucristo, su corazón, su realeza /

में बचाया:
ग्रंथसूची विवरण
मुख्य लेखक: Buil, Nicolás María (autor)
स्वरूप: पुस्तक
भाषा:स्पेनिश
प्रकाशित: Florida, Argentina : Pia Societá San Paolo, 1941
टैग: टैग जोड़ें
कोई टैग नहीं, इस रिकॉर्ड को टैग करने वाले पहले व्यक्ति बनें!

MARC

LEADER 00000nam^a2200000^a^4500
001 000576237
005 20250521000000.0
009 20260310132425.438
037 |a Acervo Xavier Clavigero 
041 |a ESP 
091 |a FIP. 00250 
100 |a Buil, Nicolás María  |e (autor) 
245 1 0 |a Jesucristo, su corazón, su realeza / 
264 1 |a Florida, Argentina :  |b Pia Societá San Paolo,  |c 1941 
300 |a 137 p. 
336 |a texto  |b txt  |2 rdacontenido 
337 |a sin mediación  |b n  |2 rdamedio 
338 |a volumen  |b nc  |2 rdasoporte 
649 |a XX 
910 |a Fondo Manuel Ignacio Pérez Alonso S.J. 
920 |a Impresos - Libros 
930 |a Fondos Especiales 
905 |a 140 
901 |a 0500404380  |b IT2  |c ESP  |i D  |u 20250521 
902 |a https://opac.biblio.iteso.mx/vufind/Record/000576237